000 00882cam a2200253 4500
001 ABS62197
008 000000n2000 000 0 eng u
035 _a(Sirsi) u105908
100 _aComyn, C.
245 _aRefinancing on track
260 _c2000
490 _aProperty Week
_v65(17) 28 April 2000, 74-75(2)
520 _aDescribes the refinancing of the International Passenger Terminal at Ashford which has set a new precedent for structuring finance. It was the first time an English limited partnership has issued bonds.
590 _aABS
650 0 _aASHFORD INTERNATIONAL STATION
650 0 _aSTRUCTURED FINANCE
650 _aLIMITED PARTNERSHIP BOND ISSUE
650 _aSECURITISATION
650 _aJOHN LAING
650 _aLIMITED PARTNERSHIPS
690 _aMANAGEMENT-BUSINESS MANAGEMENT-FINANCIAL MANAGEMENT
700 0 _aMartin, J.
942 _n0
999 _c63417
_d63417